|
|
|
|
| LEADER |
00000nam0a2200000 4500 |
| 001 |
372566 |
| 005 |
20231102012504.0 |
| 035 |
|
|
|a (RuTPU)RU\TPU\retro\29990
|
| 035 |
|
|
|a RU\TPU\book\221428
|
| 090 |
|
|
|a 372566
|
| 100 |
|
|
|a 20221215d1963 m y0rusy50 ca
|
| 101 |
0 |
|
|a rus
|
| 102 |
|
|
|a RU
|
| 105 |
|
|
|a a j 000zy
|
| 200 |
1 |
|
|a Радиотехника
|e учебное пособие для сержантов войск связи
|f С. Л. Давыдов, И. П. Жеребцов, Ф. Л. Левинзон-Александров
|
| 205 |
|
|
|a 3-е изд., перераб. и доп.
|
| 210 |
|
|
|a Москва
|c Воениздат
|d 1963
|
| 215 |
|
|
|a 343 с.
|c ил.
|
| 606 |
1 |
|
|a Радиотехника ультракоротковолновая
|2 stltpush
|3 (RuTPU)RU\TPU\subj\23208
|9 47843
|
| 610 |
1 |
|
|a радиотехника
|
| 610 |
1 |
|
|a учебные пособия
|
| 610 |
1 |
|
|a радио
|
| 610 |
1 |
|
|a колебательные системы
|
| 610 |
1 |
|
|a антенны
|
| 610 |
1 |
|
|a радиоволны
|
| 610 |
1 |
|
|a электронные лампы
|
| 610 |
1 |
|
|a ламповые усилители
|
| 610 |
1 |
|
|a ламповые генераторы
|
| 610 |
1 |
|
|a радиоприемные устройства
|
| 610 |
1 |
|
|a полупроводниковые приборы
|
| 675 |
|
|
|a 621.396
|v 3
|
| 700 |
|
1 |
|a Давыдов
|b С. Л.
|g Сергей Львович
|
| 701 |
|
1 |
|a Жеребцов
|b И. П.
|g Иван Петрович
|
| 701 |
|
1 |
|a Левинзон-Александров
|b Ф. Л.
|g Федор Львович
|
| 801 |
|
2 |
|a RU
|b 63413507
|c 20221215
|g RCR
|
| 942 |
|
|
|c BK
|